| 000 | 01233nam a22002777a 4500 | ||
|---|---|---|---|
| 999 |
_c23413 _d23413 |
||
| 003 | AR-CdUCM | ||
| 008 | 251215b2024 pe ||||| |||| 00| 0 spa d | ||
| 040 |
_aMUNICIPALIDAD PROVINCIAL DEL CUSCO _cBIBLIOTECA MUNICIPAL DEL CUSCO |
||
| 041 | _hspa | ||
| 082 |
_a704.9425 _bM95 |
||
| 100 |
_aMunicipalidad Provincial del Cusco / _951684 |
||
| 245 | _aNiños Cusqueños fe y tradición. | ||
| 260 |
_aCusco _bMunicipalidad del Cusco _c2024 |
||
| 300 |
_a119 páginas. : _c30 x 24 cm. |
||
| 505 | _a El "Niño Jesús Inca" y los jesuitas en el Cusco virreinal -- En la Pintura Cusqueña -- El Inti P'unchaw o Sol de los Incas -- En Cusco -- La fiesta de Sarawawa -- Nacimiento de Fernando Pachacutec Huamán Yuca -- Declaran Patrimonio Cultural de la Nación a la Tradicional Feria del Santurantikuy de la ciudad del Cusco -- Manuelito: Tradición Navideña Cusqueña.... | ||
| 650 |
_aEl "Niño Jesús" _951686 |
||
| 650 |
_aPintura Cusqueña _97254 |
||
| 650 |
_aEl Inti P'unchaw _951687 |
||
| 650 |
_aLa fiesta _951688 |
||
| 650 |
_aNacimiento _939579 |
||
| 650 |
_aPatrimonio Cultural _93805 |
||
| 650 |
_aFeria del Santurantikuy _951689 |
||
| 650 |
_aTradición _951690 |
||
| 942 |
_2ddc _cLIBROS |
||
| 945 |
_ajmcs _d15/12/2025 |
||